The Archetypes and the Collective Unconscious : (Record no. 587045)

MARC details
000 -LEADER
fixed length control field 00521nam a2200193 a 4500
008 - FIXED-LENGTH DATA ELEMENTS--GENERAL INFORMATION
fixed length control field 250914s1968##################000#0#eng##
020 ## - INTERNATIONAL STANDARD BOOK NUMBER
ISBN 9780415051392
082 04 - DEWEY DECIMAL CLASSIFICATION NUMBER
Classification number 150.195
Item number JUN
100 1# - MAIN ENTRY--AUTHOR NAME
Personal name Jung, Carl Gustav,
245 10 - TITLE STATEMENT
Title The Archetypes and the Collective Unconscious :
260 ## - PUBLICATION, DISTRIBUTION, ETC. (IMPRINT)
Name of publisher Psychology Press,
Year of publication 1968.
300 ## - PHYSICAL DESCRIPTION
Number of Pages 451 pages
650 #0 - SUBJECT ADDED ENTRY--TOPICAL TERM
Topical Term Psychology.
942 ## - ADDED ENTRY ELEMENTS (KOHA)
Koha item type English Books
Holdings
Withdrawn status Lost status Damaged status Not for loan Home library Current library Shelving location Date acquired Full call number Accession Number Price effective from Koha item type
        Anna Centenary Library Anna Centenary Library 3RD FLOOR, A WING 15.09.2025 150.195 JUN 121150 15.09.2025 English Books

Find us on the map